| 000 | 00577nam a2200217 a 4500 | ||
|---|---|---|---|
| 001 | 2877 | ||
| 003 | CDMR | ||
| 005 | 20131127174723.0 | ||
| 008 | 130130s1974||||||||||||||||||||||||||||d | ||
| 020 | _a8426411037 | ||
| 040 |
_aCDMR _bcat _cCDMR |
||
| 100 | 1 |
_aGubern, Romà _9389 |
|
| 245 | 1 | 0 |
_aMensajes icónicos en la cultura de masas _cRomán Gubern |
| 260 |
_aBarcelona _c1974 _bLumen |
||
| 300 | _a390 p. | ||
| 490 | 0 |
_aPalabra en el Tiempo _v103 |
|
| 650 | 0 | 4 |
_91282 _aSemiòtica |
| 650 | 0 | 4 |
_94153 _aCinematografia |
| 650 | 0 | 4 |
_93737 _aComunicació visual |
| 942 |
_cMON _2udc |
||
| 999 |
_c2877 _d2877 |
||